00358nam a2200133Ia 4500008004100000020001800041082001600059100001900075245008300094250000800177260002300185300000800208650000800216191201s2008 xx 000 0 und d a9788120329607 a005.26bBRI aBREY, Barry B. 0aIntel 8086/8088 Microprocessors Architecture, Programming Design & Interfacing a7th aN.DelhibPHIc2008 a900 aMCA